| 000 | 00514nam a2200181Ia 4500 | ||
|---|---|---|---|
| 008 | 240925s9999 xx 000 0 und d | ||
| 020 | _a750622555 | ||
| 082 | _a003.502 LIP | ||
| 100 | _aNot - Available | ||
| 245 | 0 | _aInstrument Engineers Hand Book: pocess control | |
| 250 | _a3rd | ||
| 260 |
_aBoston: _bButterworth- Heinemann _c,1995. |
||
| 300 |
_ax,388p. _bNA _fOriginal |
||
| 500 | _aIncludes Index | ||
| 600 | _aComputer Science | ||
| 650 | _aComputer science, information & general works | ||
| 942 | _cBK | ||
| 999 |
_c3980 _d3980 |
||